Passenger Aircraft Types - Statistics

General Stats
  • This quiz has been taken 58 times
  • The average score is 19 of 22
Answer Stats
Hint Answer % Correct
Boeing 717
100%
Boeing 727
98%
Boeing 737
98%
Boeing 747
98%
Boeing 757
98%
Boeing 767
98%
Boeing 777
98%
Boeing 787
98%
Airbus A330
96%
Airbus A340
96%
Airbus A319
94%
Airbus A320
94%
Airbus A321
94%
Airbus A350
94%
Airbus A380
94%
Airbus A318
91%
Airbus A300
87%
Airbus A310
85%
Airbus A220
66%
Bombardier CRJ
43%
Embraer ERJ
32%
Embraer E Jet
21%
No matching quizzes found
Score Distribution
Percent of People with Each Score
Percentile by Number Answered
Your Score History
You have not taken this quiz